000
00302nam a22001457a 4500
003
SGT
082
_a
616.89
_b
P17G
100
_a
GABBARD, GLEN O.
245
_a
PSYCHODYNAMIC PSYCHIATRY
250
_a
5TH
260
_a
INDIA
_b
CBS
_c
2017
300
_a
639
650
_a
PSYCHIATRY
942
_2
ddc
_c
BK
999
_c
14530
_d
14530